Brooklyn 99 Superfan Quiz - Statistics

General Stats
  • This quiz has been taken 840 times
  • The average score is 9 of 15
Answer Stats
Hint Answer % Correct
How many brothers does Amy have? 7
97%
Name of Boyle's arch nemesis? Lieutenant ______ ______ Peanut Butter
88%
Finish the quote: "If I die, turn my ______ into a book" - Gina Linetti tweets
79%
Amy's Dad's (ex) job Cop
76%
Captain Holt's most elusive criminal - The ________ Slayer Oolong
66%
What number precinct moves into the 99, causing them to work out on the roof? 98
62%
The false name that Rosa's apartment building think she is called Emily Goldfinch
57%
Jake's nickname from high school The Tattler
56%
Where do the Boyle cousins (and Gina) go on vacation? Aruba
55%
What is the nickname Jake and Stevie Schillens gave themselves back in the day of beat cops? Beatsie Boys
55%
Amy's "Perfect" brother's name David
55%
Jake then says when they catch him that he will be going to prison for... Oolong time
53%
Something Terry loves to be infused in yogurt honey, lavender
49%
The new nickname when Charles joins, going from Two's company to Three's a crowd Police Pals
25%
What does Captain Holt wear when he's trying to distract the guard in the prison parking lot? Kevin's Rose-Shearing Hat
9%
No matching quizzes found
Score Distribution
Percent of People with Each Score
Percentile by Number Answered
Your Score History
You have not taken this quiz